000 00269nam a22001097a 4500
082 _a621.402
_bDOM/SO
100 _aDomkundwar, V.M
245 _aSolved problems in thermal engineering
260 _aNew Delhi
_bDhanpat Rai & Co
700 _aDomkundwar, A.V
942 _cBK
999 _c13909
_d13909